000 00300nam a22001337a 4500
008 170921b xxu||||| |||| 00| 0 eng d
020 _a0520048881
041 _aeng
080 _a7
100 _a45
101 _aART
245 _aNINETEENTH-CENTURY THEORIES OF ART
_cTAYLOR, J.C
942 _2udc
_cBK
999 _c28617
_d28617